La España musulmana: según los autores islamitas y cristianos medievales

Guardat en:
Dades bibliogràfiques
Autor principal: Sánchez-Albornoz, Claudio (Autor)
Format: Llibre
Idioma:espanyol
Publicat: Buenos Aires El Ateneo 1960
Edició:2a. ed
Matèries:
Etiquetes: Afegir etiqueta
Sense etiquetes, Sigues el primer a etiquetar aquest registre!

MARC

LEADER 00000nam a2200000 a 4500
001 UCV9187
003 CL-VaPUC
008 920706e19600000AG |||||||||||||||||spa|d
082 0 4 |a 946.02  |b SAN  |2 21 
100 0 |a Sánchez-Albornoz, Claudio  |e author  |9 303191 
245 1 3 |a La España musulmana: según los autores islamitas y cristianos medievales 
250 |a 2a. ed 
300 |a 2 v 
942 |c BK 
945 |d 19920706 00:00:00  |a oaravena 
260 |a Buenos Aires  |b El Ateneo  |c 1960 
650 7 |a HISTORIA PERIODO ARABE 711-1492  |2 CL-VaPUC  |9 267753 
651 0 |a España  |9 254926 
583 |a last modification  |c 19920706 00:00:00  |k Rodrigo Vera 
999 |c 214563  |d 214561 
952 |0 0  |1 0  |4 0  |6 946_020000000000000_SAN_1960  |7 0  |8 A  |9 198037  |a BIBARQ  |b BIBARQ  |d 2019-11-14  |h v.1  |i 2656485  |o 946.02 SAN 1960  |p 2656485  |r 2025-01-20  |w 2019-11-14  |y BK  |k ARQ 
952 |0 0  |1 0  |4 0  |6 946_020000000000000_SAN_1960  |7 0  |8 A  |9 198038  |a BIBARQ  |b BIBARQ  |d 2019-11-14  |h v.2  |i 2656493  |o 946.02 SAN 1960  |p 2656493  |r 2025-01-20  |w 2019-11-14  |y BK  |k ARQ 
952 |0 0  |1 0  |4 0  |6 946_020000000000000_SAN_1960  |7 0  |8 X  |9 198039  |a BIBHIS  |b BIBHIS  |d 2019-11-14  |h v.1  |i 1383884  |o 946.02 SAN 1960  |p 1383884  |r 2024-01-30  |w 2019-11-14  |y BK_X  |k HIS 
952 |0 0  |1 0  |4 0  |6 946_020000000000000_SAN_1960  |7 0  |8 X  |9 198040  |a BIBHIS  |b BIBHIS  |d 2019-11-14  |h v.2  |i 1383892  |o 946.02 SAN 1960  |p 1383892  |r 2024-01-30  |w 2019-11-14  |y BK_X  |k HIS